000 00707nam a22001937a 4500
005 20100812152921.0
010 _aENG-99938
020 _a9789350011024
_c110.00
035 _aEN-83470
037 _bDBAD/PUB
082 _a621.3815
100 _aRajathi,S
_911966
245 _aFundamentals of electronic devices and linear IC /
_cby S Rajathi
260 _aPerambalur
_bMercury Printers & Publishers
_c2009
270 _aMercury Printers & Publishers
_bPerambalur
_e621212
300 _a138p
_c21cm(pbk)
942 _2ddc
_cEN
_h621.3815
_mSRA
999 _c41424
_d41424